000 01698nam a2200469 a 4500
999 _c134687
_d134687
003 BLK
005 20250122145738.0
008 180409b bul|||||r ||||||| ||bul||
010 _aKNG00140602000
040 _aBLK
041 _aBUL
_cBUL
072 7 _2bullib
_aЦ
_xРедки и ценни
072 7 _2bullib
_aК
_xКраезнание
072 7 _2bullib
_aЯ
_xАвтографи
080 _aЧетене. Ръководство на четенето
_b028
_x(035)
_z028(035)
100 1 _aРичардсън, Чарлз
_9378673
139 _aРичардсън, Чарлз
_bР 66
245 1 0 _aПо избора на книгите или по самообразованието
_cЧарлз Ричардсън; * Чарлс Ричардсон.
250 _a2. изд.
257 _aGBR
260 _c1896
_fРусе : скоропеч. Спиро Гулабчев
_aРусе
300 _a312 с.
_c19 см
380 _a0
490 _9435080
_aКолекция Редки и ценни издания
500 _a1. изд. 1890.
650 4 _aЧетене - основи и методи на обучение
_9277918
650 4 _aЧетене - психология
_9270667
653 _aчетене
659 _aК
659 _aЦ
659 _aЯ
700 1 _aРичардсон, Чарлс
_e*
_9116354
852 _aРб 896
_bРц
852 _aК 02/Р 66
_bРц
856 4 _qpdf
856 4 _qpdf
942 _cKNG
_n0
_s1
_01
944 _aCR
_c12.03.2013
_lВаля Йорданова
_k30558
944 _aED
_c16.12.2013
_l12.03.2013 - от С1,Р / 12.03.2013
999 _d134687
999 _d134687